Los piratas (Record no. 163596)

MARC details
000 -LEADER
campo de control de longitud fija 00914nam a22002055i 4500
001 - NÚMERO DE CONTROL
campo de control 163596
003 - IDENTIFICADOR DE NÚMERO DE CONTROL
campo de control ES-MaACL
005 - FECHA Y HORA DE LA ÚLTIMA TRANSACCIÓN
campo de control 20250823063121.0
008 - DATOS DE LONGITUD FIJA--INFORMACIÓN GENERAL
campo de control de longitud fija 020325s1860 sp |||| | spa d
040 ## - FUENTE DE CATALOGACIÓN
Centro catalogador/agencia de origen CAM
Lengua de catalogación spa
Centro/agencia transcriptor CAM
100 1# - ENTRADA PRINCIPAL--NOMBRE DE PERSONA
Nombre de persona Rivera, Luis,
Fechas asociadas al nombre 1826-1872
9 (RLIN) 131869
245 14 - MENCIÓN DEL TÍTULO
Título Los piratas
Resto del título : zarzuela en tres actos y en verso /
Mención de responsabilidad, etc. letra de Luis Rivera ; música de Luis Cepeda.
260 ## - PUBLICACIÓN, DISTRIBUCIÓN, ETC.
Lugar de publicación, distribución, etc. Madrid :
Nombre del editor, distribuidor, etc. [s.n.],
Fecha de publicación, distribución, etc. 1860 (
Fabricante imprenta de Cristóbal González)
300 ## - DESCRIPCIÓN FÍSICA
Extensión 90 p. ;
Dimensiones 20 cm.
500 ## - NOTA GENERAL
Nota general En port.: Representada por primera vez en el teatro de la Zarzuela, la noche del 1º de setiembre de 1860.
500 ## - NOTA GENERAL
Nota general Solo la letra.
700 1# - ENTRADA AGREGADA--NOMBRE PERSONAL
Nombre de persona Cepeda, Luis.
9 (RLIN) 126414
852 ## - LOCALIZACIÓN
Ubicación ES-MaACL
Número de control de estantería F-8586(9)
Nota libre -- Enc. pasta española
-- -- Dedicatoria ms. del autor
-- -- Enc. en un vol. facticio formando parte de la col. facticia "Teatro español moderno", vol. 39
Holdings
Estatus retirado Estado de pérdida Estado de daño No para préstamo Colección Biblioteca de origen Biblioteca actual Ubicación en estantería Fecha de adquisición Total de préstamos Signatura topográfica completa Código de barras Visto por última vez Precio de reemplazo Tipo de ítem Koha
        Libros del s. XIX Biblioteca del Ateneo de Madrid Biblioteca del Ateneo de Madrid Sala Pecera Planta 2 17/01/2008   F-8586(9) 1171435 23/02/2023 23/02/2023 Libro impreso antiguo